Gestrichene Papiere : (Record no. 200446213)
[ view plain ]
| 000 -LEADER | |
|---|---|
| fixed length control field | 00981cam a2200325 i 4500 |
| 001 - CONTROL NUMBER | |
| control field | 200446213 |
| 003 - CONTROL NUMBER IDENTIFIER | |
| control field | TR-AnTOB |
| 005 - DATE AND TIME OF LATEST TRANSACTION | |
| control field | 20220706161653.0 |
| 007 - PHYSICAL DESCRIPTION FIXED FIELD--GENERAL INFORMATION | |
| fixed length control field | ta |
| 008 - FIXED-LENGTH DATA ELEMENTS--GENERAL INFORMATION | |
| fixed length control field | 880209s1958 gw a b 000 0 ger d |
| 035 ## - SYSTEM CONTROL NUMBER | |
| System control number | (OCoLC)17452401 |
| System control number | (TR-AnTOB)200446213 |
| 040 ## - CATALOGING SOURCE | |
| Original cataloging agency | EEM |
| Language of cataloging | eng |
| Description conventions | rda |
| Transcribing agency | EEM |
| Modifying agency | UtOrBLW |
| -- | TR-AnTOB |
| 041 0# - LANGUAGE CODE | |
| Language code of text/sound track or separate title | Almanca |
| 050 #4 - LIBRARY OF CONGRESS CALL NUMBER | |
| Classification number | TS1109 |
| Item number | .E54 1958 |
| 090 ## - LOCALLY ASSIGNED LC-TYPE CALL NUMBER (OCLC); LOCAL CALL NUMBER (RLIN) | |
| Classification number (OCLC) (R) ; Classification number, CALL (RLIN) (NR) | TS1109 |
| Local cutter number (OCLC) ; Book number/undivided call number, CALL (RLIN) | .E54 1958 |
| 100 1# - MAIN ENTRY--PERSONAL NAME | |
| Personal name | Engel, Kurt |
| Relator term | author |
| 9 (RLIN) | 134294 |
| 245 10 - TITLE STATEMENT | |
| Title | Gestrichene Papiere : |
| Remainder of title | Bunt- Chromo- und Kunst- druckpapiere / |
| Statement of responsibility, etc. | von Kurt Engel. |
| 264 #1 - PRODUCTION, PUBLICATION, DISTRIBUTION, MANUFACTURE, AND COPYRIGHT NOTICE | |
| Place of production, publication, distribution, manufacture | Wiesbaden : |
| Name of producer, publisher, distributor, manufacturer | Sändig, |
| Date of production, publication, distribution, manufacture, or copyright notice | 1958. |
| 300 ## - PHYSICAL DESCRIPTION | |
| Extent | 248 pages : |
| Other physical details | illustrations ; |
| Dimensions | 24 cm |
| 336 ## - CONTENT TYPE | |
| Content type term | text |
| Content type code | txt |
| Source | rdacontent |
| 337 ## - MEDIA TYPE | |
| Media type term | unmediated |
| Media type code | n |
| Source | rdamedia |
| 338 ## - CARRIER TYPE | |
| Carrier type term | volume |
| Carrier type code | nc |
| Source | rdacarrier |
| 490 0# - SERIES STATEMENT | |
| Series statement | Papiertechnische Bibliothek ; |
| Volume/sequential designation | Bd. 10. |
| 650 #0 - SUBJECT ADDED ENTRY--TOPICAL TERM | |
| Topical term or geographic name entry element | Paper coatings |
| 9 (RLIN) | 134515 |
| Topical term or geographic name entry element | Paper products |
| 9 (RLIN) | 134925 |
| 942 ## - ADDED ENTRY ELEMENTS (KOHA) | |
| Source of classification or shelving scheme | Library of Congress Classification |
| Koha item type | Book |
| Withdrawn status | Lost status | Source of classification or shelving scheme | Not for loan | Collection code | Home library | Current library | Shelving location | Date acquired | Source of acquisition | Total Checkouts | Full call number | Barcode | Date last seen | Copy number | Date shelved | Koha item type | Public note |
|---|---|---|---|---|---|---|---|---|---|---|---|---|---|---|---|---|---|
| Other/Generic Classification Scheme | Ödünç Verilemez-Kurumiçi kullanım / Not for loan-For inhouse use | TOBB Kütüphanesi Bağış Koleksiyonu - Klasik | Merkez Kütüphane | Merkez Kütüphane | TOBB Bağışı Koleksiyonu / TOBB Gift Collection | 01/07/2005 | TOBB Devir / TOBB Transfer | TOBBK TS1109 .E54 1958 | T005160 | 11/01/2022 | 1 | 11/01/2022 | Book | Donated by TOBB |
